|
|
|
|
| LEADER |
00802cam a2200241 7i4500 |
| 001 |
0000042569 |
| 005 |
20230324090000.0 |
| 020 |
|
|
|a 9780495915775 (pbk.)
|
| 020 |
|
|
|a 0495915777 (pbk.)
|
| 020 |
|
|
|a 9781111353988 (hbk.)
|
| 020 |
|
|
|a 1111353980 (hbk.)
|
| 090 |
0 |
0 |
|a NK1510
|b .L38 2012
|
| 100 |
1 |
|
|a Lauer, David A
|
| 245 |
1 |
0 |
|a Design basics
|c David A. Lauer, Stephen Pentak.
|
| 250 |
|
|
|a 8th ed.
|
| 260 |
|
|
|a Australia:
|b Wadsworth, Cengage Learning,
|c 2012.
|
| 300 |
|
|
|a x, 308 p.:
|b ill. col.;
|c 28 cm.
|
| 650 |
0 |
0 |
|a Design
|
| 700 |
1 |
|
|a Pentak, Stephen
|
| 997 |
|
|
|a Communication, Visual Art & Computing, Faculty
|b Communication, Department
|
| 997 |
|
|
|a Centre for Foundation and General Studies
|
| 998 |
|
|
|a Arts, Foundation
|
| 999 |
|
|
|a 0000052310
|b BOK
|c OPEN SHELF
|e 1st Floor, Bestari Jaya
|